Punjab Geometric design manual (Record no. 554217)
[ view plain ]
| 000 -LEADER | |
|---|---|
| fixed length control field | 00630nam a22001577a 4500 |
| 082 ## - DEWEY DECIMAL CLASSIFICATION NUMBER | |
| Classification number | 624 |
| Author Mark | PUN |
| 110 ## - MAIN ENTRY--CORPORATE NAME | |
| Corporate name or jurisdiction name as entry element | Govt of the Punjab |
| 9 (RLIN) | 51528 |
| 245 ## - TITLE STATEMENT | |
| Title | Punjab Geometric design manual |
| Remainder of title | For Street, Highways & Expressways |
| 250 ## - EDITION STATEMENT | |
| Edition statement | Vol-I and Vol-II |
| 260 ## - PUBLICATION, DISTRIBUTION, ETC. | |
| Place of publication, distribution, etc. | Punjab, |
| Name of publisher, distributor, etc. | Urban Sector planning and management service unit, |
| Date of publication, distribution, etc. | 2012. |
| 300 ## - PHYSICAL DESCRIPTION | |
| Extent | different pages |
| 500 ## - GENERAL NOTE | |
| General note | Design criteria process and plan preparation, design geo metrics control parameters, roadway and roadside facilities, road utilities, |
| 526 ## - STUDY PROGRAM INFORMATION NOTE | |
| Program name | 0 |
| Interest level | 0 |
| Reading level | 0 |
| Title point value | 624_000000000000000_PUN |
| 526 ## - STUDY PROGRAM INFORMATION NOTE | |
| Program name | 0 |
| Interest level | 0 |
| Reading level | 0 |
| Title point value | 624_000000000000000_PUN |
| 942 ## - ADDED ENTRY ELEMENTS (KOHA) | |
| Source of classification or shelving scheme | |
| Koha item type | Book |
| Withdrawn status | Lost status | Source of classification or shelving scheme | Damaged status | Not for loan | Permanent Location | Current Location | Date acquired | Total Checkouts | Full call number | Barcode | Date last seen | Price effective from | Koha item type |
|---|---|---|---|---|---|---|---|---|---|---|---|---|---|
| Military College of Engineering (MCE) | Military College of Engineering (MCE) | 04/16/2019 | 624 PUN | MCE-51042 | 04/16/2019 | 04/16/2019 | Book | ||||||
| Military College of Engineering (MCE) | Military College of Engineering (MCE) | 04/16/2019 | 624 PUN | MCE-51043 | 04/16/2019 | 04/16/2019 | Book |
